| 000 | 00441nam a2200193Ia 4500 | ||
|---|---|---|---|
| 008 | 210210b1911 xxu||||| |||| 00| 0 eng d | ||
| 041 | _aeng | ||
| 082 | _a590/160 | ||
| 100 | _aIMMS (A D) | ||
| 245 | _aLaboratory sketch book of zoology | ||
| 260 |
_aLondon _bLongmans Green & Co _c1911 |
||
| 650 | _azoology | ||
| 650 | _asketch | ||
| 650 | _aof | ||
| 650 | _aLaboratory | ||
| 650 | _abook | ||
| 690 | _aZoology | ||
| 906 | _a010732 | ||
| 999 |
_c138518 _d138518 |
||